The cave painters : (Record no. 18132)

000 -LEADER
fixed length control field 01646cam a22003734a 4500
001 - CONTROL NUMBER
control field 14300741
005 - DATE AND TIME OF LATEST TRANSACTION
control field 20161202154344.0
008 - FIXED-LENGTH DATA ELEMENTS--GENERAL INFORMATION
fixed length control field 060315s2006 nyuabf b 001 0 eng
010 ## - LIBRARY OF CONGRESS CONTROL NUMBER
LC control number 2006040888
020 ## - INTERNATIONAL STANDARD BOOK NUMBER
International Standard Book Number 1400043484
020 ## - INTERNATIONAL STANDARD BOOK NUMBER
International Standard Book Number 9781400043484
020 ## - INTERNATIONAL STANDARD BOOK NUMBER
International Standard Book Number 9781400043484
035 ## - SYSTEM CONTROL NUMBER
System control number (OCoLC)ocm65197986
035 ## - SYSTEM CONTROL NUMBER
System control number (OCoLC)65197986
040 ## - CATALOGING SOURCE
Original cataloging agency DLC
Transcribing agency DLC
Modifying agency BAKER
-- C#P
-- IXA
-- BTCTA
-- YDXCP
-- DLC
042 ## - AUTHENTICATION CODE
Authentication code pcc
043 ## - GEOGRAPHIC AREA CODE
Geographic area code e-fr---
-- e-sp---
050 00 - LIBRARY OF CONGRESS CALL NUMBER
Classification number N5310.5.F7
Item number C87 2006
100 1# - MAIN ENTRY--PERSONAL NAME
Personal name Curtis, Gregory,
Dates associated with a name 1944-
245 14 - TITLE STATEMENT
Title The cave painters :
Remainder of title probing the mysteries of the world's first artists /
Statement of responsibility, etc. Gregory Curtis.
250 ## - EDITION STATEMENT
Edition statement 1st ed.
260 ## - PUBLICATION, DISTRIBUTION, ETC. (IMPRINT)
Place of publication, distribution, etc. New York :
Name of publisher, distributor, etc. Knopf,
Date of publication, distribution, etc. 2006.
300 ## - PHYSICAL DESCRIPTION
Extent 278 p., [8] p. of plates :
Other physical details ill. (some col.), map ;
Dimensions 22 cm.
504 ## - BIBLIOGRAPHY, ETC. NOTE
Bibliography, etc Includes bibliographical references (p. 247-268) and index.
650 #0 - SUBJECT ADDED ENTRY--TOPICAL TERM
Topical term or geographic name as entry element Cave paintings
Geographic subdivision France.
650 #0 - SUBJECT ADDED ENTRY--TOPICAL TERM
Topical term or geographic name as entry element Cave paintings
Geographic subdivision Spain.
942 ## - ADDED ENTRY ELEMENTS (KOHA)
Source of classification or shelving scheme
Koha item type Hard Covered Materials
Classification part N5310.5.F7 C87 2006
Holdings
Withdrawn status Lost status Source of classification or shelving scheme Damaged status Not for loan Home library Current library Shelving location Date acquired Source of acquisition Total Checkouts Full call number Barcode Date last seen Price effective from Koha item type
          MACHAKOS UNIVERSITY LIBRARY MACHAKOS UNIVERSITY LIBRARY Open shelf 02/12/2016 Donation(B.F.A)   N5310.5.F7 C87 2006 28535 02/12/2016 02/12/2016 Hard Covered Materials
© Machakos University Library, Along The Highway, Machakos Wote Rd, Machakos, Kenya P.O. Box 136 - 90100 Machakos - Kenya

Tel: ( +254 ) 723 805829 OR Fax : 044-20353 OR Email: library@mksu.ac.ke